000 00202 a2200097 4500
001 5065
100 _aKilner,E
245 _aApplied organic chemistry
260 _a
_bMacdonald
_c
090 _c4214
_d4214
942 _aNUST-CAE
_cM
_c30506
999 _c240138
_d240138